000 00706cam a22002531 4500
001 750300
003 GBCCL
005 20241126110341.0
008 800124s1962 nyu b 000 0beng
010 _a 61017145
040 _aDLC
_cDLC
_dDLC
050 0 0 _aBV3427.T3
_bP6
082 0 0 _a922.742
_bPOL
100 1 _aPollock, John,
_d1924-2012.
245 0 0 _aHudson Taylor and Maria;
_bpioneers in China.
250 _a[1st ed.]
260 _aNew York,
_bMcGraw-Hill
_c[1962]
300 _a212 p.
_c22 cm.
504 _aIncludes bibliography.
600 1 0 _aTaylor, James Hudson,
_d1832-1905.
600 1 0 _aTaylor, Maria (Dyer)
906 _a7
_bcbc
_corignew
_du
_eocip
_f19
_gy-gencatlg
942 _2ddc
_cBK
_02
999 _c571
_d571